Duster Finish the Lyrics (Part 1) - Statistics

General Stats
  • This quiz has been taken 11 times
  • The average score is 8 of 13
Answer Stats
Hint Answer % Correct
"Stumbling through the crowd, I was _______ ___ ___ ____" heading for the door
90%
"Shadows of ____, flying overhead" planes
90%
"All the ____-______ ______ sway in sync with the rhythm" high-fashion freaks
80%
"In your hair I can see the _______ solution" topical
80%
"Goshdarn, I wish I was, A little ___ _______, To be the furutre-bound" bit smarter
70%
"And though the orbit's all been planned, What happens ___ ___ ______ __? when you launch it
70%
"It's dark around me now, And __________ are fine" cigarettes
60%
"The same moon as the _____ ____" wrong kiss
60%
"____ _______ had the stuff" Jack Enmipho
50%
"All we know, Is that _____ ____ ____, And holidays come and go" stars will fall
50%
"Want to feel it in your bones, Just take this _________ ___ ____" chocolate and mint
40%
"The audience finds their feet, ____ ___ ______" Clap and scream
40%
"In dream we'll return to this, In ________ ______ before" familiar fields
40%
No matching quizzes found
Score Distribution
Percent of People with Each Score
Percentile by Number Answered
Your Score History
You have not taken this quiz